|
|
|
|
| LEADER |
00614nam a22001811a 4500 |
| 020 |
|
|
|a 9788122603125
|c 0.00
|
| 040 |
|
|
|a SSUS - Library - Kalady
|
| 082 |
|
|
|a M301 MAD THA
|b P06
|
| 100 |
|
|
|a Madhavikkutty
|
| 245 |
|
|
|a Thanuppu
|h [Text]
|
| 260 |
|
|
|a Thrissur
|b Current Books
|c 2006
|
| 300 |
|
|
|a 96p.
|
| 600 |
|
|
|a Stories Malayalam
|
| 600 |
|
|
|a Malayalam Literature
|
| 852 |
|
|
|h M301 MAD THA
|i P06
|p 052449
|9 50.00
|t 0
|
| 942 |
|
|
|c BK
|
| 999 |
|
|
|c 46582
|d 46582
|
| 952 |
|
|
|0 0
|1 0
|4 0
|6 M_301_000000000000000_MAD_THA_P06
|7 0
|9 67365
|a SSUS
|b SSUS
|d 2015-01-08
|g 50.00
|l 5
|o M301 MAD THA P06
|p 052449
|r 2016-01-29
|s 2016-01-19
|v 0.00
|w 2015-01-08
|y BK
|